BSOP header

Clear speech from the start : (Record no. 54020)

MARC details
000 -LEADER
fixed length control field 01241cam a2200313 a 4500
001 - CONTROL NUMBER
control field 12139032
005 - DATE AND TIME OF LATEST TRANSACTION
control field 20250619082255.0
008 - FIXED-LENGTH DATA ELEMENTS--GENERAL INFORMATION
fixed length control field 000811s2001 enkab b 000 0 eng
010 ## - LIBRARY OF CONGRESS CONTROL NUMBER
LC control number 00063090
020 ## - INTERNATIONAL STANDARD BOOK NUMBER
International Standard Book Number 0521637376 (pbk. : student's book)
020 ## - INTERNATIONAL STANDARD BOOK NUMBER
International Standard Book Number 052163735X (Teacher's resource book)
020 ## - INTERNATIONAL STANDARD BOOK NUMBER
International Standard Book Number 0521637368 (Audio cassettes)
020 ## - INTERNATIONAL STANDARD BOOK NUMBER
International Standard Book Number 052179966X (Audio CDs)
040 ## - CATALOGING SOURCE
Original cataloging agency DLC
Transcribing agency DLC
Modifying agency DLC
100 1# - MAIN ENTRY--PERSONAL NAME
Personal name Gilbert, Judy B.
Fuller form of name (Judy Bogen)
245 10 - TITLE STATEMENT
Title Clear speech from the start :
Remainder of title basic pronunciation and listening comprehension in North American English : student's book /
Statement of responsibility, etc Judy B. Gilbert.
260 ## - PUBLICATION, DISTRIBUTION, ETC. (IMPRINT)
Place of publication, distribution, etc Cambridge, UK ;
-- New York :
Name of publisher, distributor, etc Cambridge University Press,
Date of publication, distribution, etc c2001.
300 ## - PHYSICAL DESCRIPTION
Extent x, 133 p. :
Other physical details ill. (some col.), map ;
Dimensions 26 cm. +
Accompanying material 3 sound cassettes (analog)
336 ## - CONTENT TYPE
Content Type Term text
337 ## - MEDIA TYPE
Media Type Term unmediated
338 ## - CARRIER TYPE
Carrier Type Term volume
504 ## - BIBLIOGRAPHY, ETC. NOTE
Bibliography, etc Includes bibliographical references.
650 #0 - SUBJECT ADDED ENTRY--TOPICAL TERM
Topical term or geographic name as entry element English language
Form subdivision Textbooks for foreign speakers.
650 #0 - SUBJECT ADDED ENTRY--TOPICAL TERM
Topical term or geographic name as entry element English language
General subdivision Spoken English
Form subdivision Problems, exercises, etc.
650 #0 - SUBJECT ADDED ENTRY--TOPICAL TERM
Topical term or geographic name as entry element English language
General subdivision Pronunciation
Form subdivision Problems, exercises, etc.
650 #0 - SUBJECT ADDED ENTRY--TOPICAL TERM
Topical term or geographic name as entry element Listening
Form subdivision Problems, exercises, etc.
650 #0 - SUBJECT ADDED ENTRY--TOPICAL TERM
Topical term or geographic name as entry element Listening comprehension.
942 ## - ADDED ENTRY ELEMENTS (KOHA)
Source of classification or shelving scheme Library of Congress Classification
Item type Books
Holdings
Withdrawn status Lost status Source of classification or shelving scheme Damaged status Not for loan Home library Current library Shelving location Date acquired Source of acquisition Inventory number Total Checkouts Full call number Barcode Date last seen Price effective from Koha item type
    Library of Congress Classification     BSOP Library BSOP Library Librarian's File 06/19/2025 Donated by Dr. Joel and Becky Williams 49306   PE1128 G37 2001 00061597 06/19/2025 06/19/2025 Books
BSOP

Biblical Seminary of the Philippines
  All rights Reserved
  © 2024

CONTACT INFORMATION

Biblical Seminary of the Philippines,
  77-B Karuhatan Road, Valenzuela City,
  PHILIPPINES 1441
  Phone: +632 8292-6795 / 8292-6798
  Fax : +632 8292-6675
  Email: library@bsop.edu.ph